[Event "Skakligaen 2023-24"]
[Site "Denmark"]
[Date "2023.11.26"]
[Round "3.5"]
[Board "5"]
[White "Nilssen, Ellen Fredericia"]
[Black "Storme, Isak"]
[Result "0-1"]
[WhiteElo "2161"]
[BlackElo "2437"]
[PlyCount "84"]
[WhiteTeam "Frem"]
[BlackTeam "Hillerod"]
[WhiteTeamCountry "DEN"]
[BlackTeamCountry "DEN"]
[EventDate "2023.10.28"]
[EventType "team-tourn"]
[EventRounds "9"]
[EventCountry "DEN"]
[SourceTitle "Turneringssystemet"]
[Table "5"]

1. d4 Nf6 2. c4 e6 3. Nc3 Bb4 4. e3 O-O 5. Bd2 b6 
6. Nf3 Bb7 7. Rc1 d5 8. cxd5 exd5 9. Bd3 Re8 10. a3 Bd6 
11. O-O a6 12. Re1 Nbd7 13. Ng5 h6 14. Nh3 Ne4 15. f3 Nxd2 
16. Qxd2 c5 17. Bb1 Qh4 18. Qf2 Qe7 19. Rcd1 Rad8 20. Kh1 Nf6 
21. Ng1 Bc7 22. g3 Rd6 23. Bf5 g6 24. Bh3 Kg7 25. Re2 h5 
26. Bg2 Re6 27. Rde1 Qd6 28. Bh3 R6e7 29. Rc1 Bc6 30. Bf1 Bd7 
31. Nd1 Bb8 32. Kg2 h4 33. Rd2 hxg3 34. hxg3 Nh5 35. Ne2 Bb5 
36. dxc5 bxc5 37. Nf4 Nxf4+ 38. exf4 Bxf1+ 39. Kxf1 Ba7 40. Kg2 c4 
41. Qf1 Re1 42. Qxc4 Rg1+ 0-1

[Event "Skakligaen 2023-24"]
[Site "Denmark"]
[Date "2023.11.26"]
[Round "3.6"]
[Board "6"]
[White "Borge, Nikolaj"]
[Black "Wilbrandt, Simon Pil"]
[Result "1-0"]
[WhiteElo "2392"]
[BlackElo "2132"]
[PlyCount "93"]
[WhiteTeam "Hillerod"]
[BlackTeam "Frem"]
[WhiteTeamCountry "DEN"]
[BlackTeamCountry "DEN"]
[EventDate "2023.10.28"]
[EventType "team-tourn"]
[EventRounds "9"]
[EventCountry "DEN"]
[SourceTitle "Turneringssystemet"]
[Table "6"]

1. e4 c5 2. Nf3 Nc6 3. d4 cxd4 4. Nxd4 e5 5. Nb5 d6 
6. N5c3 Be6 7. Nd5 Be7 8. Nbc3 Rc8 9. Be3 Bg5 10. Nb5 Bxe3 
11. Nxe3 Ke7 12. Nc3 Nf6 13. Ncd5+ Bxd5 14. exd5 Nb8 15. c3 g6 
16. g3 Re8 17. Bg2 Nbd7 18. O-O Kf8 19. Qa4 Qc7 20. Qh4 Kg7 
21. Qg5 Ng8 22. Bh3 h6 23. Qg4 Ngf6 24. Qe2 e4 25. f4 Qb6 
26. Rfd1 Rc7 27. a4 a5 28. Qf2 Qa6 29. Bf1 Qb6 30. Bb5 Re7 
31. Rd4 Nc5 32. Nc4 Qa7 33. Rdd1 Kh7 34. Qd4 Nxd5 35. Qxd5 Nb3+ 
36. Kf1 Nxa1 37. Rxa1 e3 38. Ke2 Qb8 39. Nxd6 Qd8 40. Rd1 Re6 
41. Nc4 Qe7 42. Qd8 Qc5 43. Rd5 Qe7 44. Qxe7 Rcxe7 45. Nxa5 g5 
46. f5 Re4 47. Bd3 1-0

[Event "Skakligaen 2023-24"]
[Site "Denmark"]
[Date "2023.11.26"]
[Round "3.7"]
[Board "7"]
[White "Jensen, Tobias Ilsoe"]
[Black "Ostergaard, Jens"]
[Result "0-1"]
[WhiteElo "2189"]
[BlackElo "2278"]
[PlyCount "104"]
[WhiteTeam "Frem"]
[BlackTeam "Hillerod"]
[WhiteTeamCountry "DEN"]
[BlackTeamCountry "DEN"]
[EventDate "2023.10.28"]
[EventType "team-tourn"]
[EventRounds "9"]
[EventCountry "DEN"]
[SourceTitle "Turneringssystemet"]
[Table "7"]

1. d4 Nf6 2. c4 e6 3. Nc3 c5 4. d5 exd5 5. cxd5 d6 
6. e4 g6 7. Nge2 Bg7 8. Ng3 O-O 9. Be2 Na6 10. O-O Nc7 
11. Be3 Rb8 12. e5 Nd7 13. exd6 Ne8 14. Nge4 b6 15. Nb5 Ra8 
16. b4 cxb4 17. Rc1 Bb7 18. Ng5 Nc5 19. Rxc5 bxc5 20. Ne6 Qc8 
21. Nxc5 Nf6 22. d7 Qb8 23. Bf4 Qxf4 24. Nxb7 Nxd7 25. Qb3 Rfb8 
26. Na5 a6 27. g3 Qe5 28. Nc6 Qxe2 29. Nc7 Rf8 30. Qxb4 Nf6 
31. Re1 Qxa2 32. d6 a5 33. Qb7 Qd2 34. Re7 Ng4 35. Qb6 Qxd6 
36. Nxa8 Rxa8 37. Qb7 Rf8 38. Rd7 Qc5 39. Ne7+ Kh8 40. Qa7 Qc1+ 
41. Kg2 Qb2 42. Nc6 Ne5 43. Nxe5 Qxe5 44. Kg1 Kg8 45. h4 Qe1+ 
46. Kh2 a4 47. Kg2 Qb4 48. Rd3 Qe4+ 49. Rf3 h5 50. Qc7 Kh7 
51. Qd6 Rc8 52. Qa3 Rc3 0-1

[Event "Skakligaen 2023-24"]
[Site "Denmark"]
[Date "2023.11.26"]
[Round "3.8"]
[Board "8"]
[White "Jaksland, Tim"]
[Black "Wiecker, Stefan"]
[Result "0-1"]
[WhiteElo "2070"]
[BlackElo "2120"]
[PlyCount "79"]
[WhiteTeam "Hillerod"]
[BlackTeam "Frem"]
[WhiteTeamCountry "DEN"]
[BlackTeamCountry "DEN"]
[EventDate "2023.10.28"]
[EventType "team-tourn"]
[EventRounds "9"]
[EventCountry "DEN"]
[SourceTitle "Turneringssystemet"]
[Table "8"]

1. e4 d6 2. d4 Nf6 3. Nc3 e5 4. Nge2 Nbd7 5. g3 g6 
6. Bg2 Bg7 7. O-O O-O 8. h3 c6 9. Be3 Qe7 10. g4 h5 
11. f3 d5 12. exd5 cxd5 13. g5 Nh7 14. Nxd5 Qd8 15. h4 Nb6 
16. Nxb6 Qxb6 17. Qd2 Qxb2 18. Rfb1 Qa3 19. f4 Rd8 20. Rb3 Qe7 
21. c3 Rb8 22. Re1 b5 23. Ng3 Be6 24. Rbb1 exd4 25. Bxd4 Qd7 
26. Ne4 Bf5 27. Rb2 b4 28. Bxg7 Qxd2 29. Rxd2 Rxd2 30. Nxd2 Kxg7 
31. cxb4 Rxb4 32. Bd5 Nf8 33. Re7 Be6 34. Bxe6 Nxe6 35. f5 gxf5 
36. Rxa7 Rxh4 37. Nf3 Rg4+ 38. Kf2 Nxg5 39. Ra5 Rf4 40. Ra3 0-1

[Event "Skakligaen 2023-24"]
[Site "Denmark"]
[Date "2023.11.26"]
[Round "3.1"]
[Board "1"]
[White "Pantzar, Milton"]
[Black "Mikkelsen, Nikolaj"]
[Result "1/2-1/2"]
[WhiteElo "2456"]
[BlackElo "2485"]
[PlyCount "78"]
[WhiteTeam "Koge"]
[BlackTeam "BMS"]
[WhiteTeamCountry "DEN"]
[BlackTeamCountry "DEN"]
[EventDate "2023.10.28"]
[EventType "team-tourn"]
[EventRounds "9"]
[EventCountry "DEN"]
[SourceTitle "Turneringssystemet"]
[Table "1"]

1. d4 d5 2. c4 e6 3. Nf3 a6 4. cxd5 exd5 5. Nc3 Nf6 
6. Bg5 Be6 7. e3 Nbd7 8. Bd3 c6 9. h3 Bd6 10. Bf4 Qc7 
11. Bxd6 Qxd6 12. O-O O-O 13. Qc2 g6 14. Rfe1 Qe7 15. Rac1 Nb6 
16. Ne5 Nc8 17. Na4 Nd6 18. Nc5 Bf5 19. Bxf5 Nxf5 20. b4 Rfe8 
21. a4 Rac8 22. Qb2 Nd6 23. f3 Qd8 24. a5 Rc7 25. g4 Kg7 
26. Qh2 Ng8 27. Rc2 f6 28. Ncd3 Rce7 29. Rce2 Nh6 30. Nf4 Nb5 
31. Rd2 Nf7 32. Qg2 Qd6 33. Qf2 Kg8 34. Kg2 Qc7 35. Rde2 Qd6 
36. Nfd3 Ng5 37. Nf4 Nc3 38. Rc2 Nb5 39. Rce2 Nc3 1/2-1/2

[Event "Skakligaen 2023-24"]
[Site "Denmark"]
[Date "2023.11.26"]
[Round "3.2"]
[Board "2"]
[White "Haubro, Martin"]
[Black "Smith, Axel"]
[Result "1/2-1/2"]
[WhiteElo "2405"]
[BlackElo "2412"]
[PlyCount "69"]
[WhiteTeam "BMS"]
[BlackTeam "Koge"]
[WhiteTeamCountry "DEN"]
[BlackTeamCountry "DEN"]
[EventDate "2023.10.28"]
[EventType "team-tourn"]
[EventRounds "9"]
[EventCountry "DEN"]
[SourceTitle "Turneringssystemet"]
[Table "2"]

1. e4 c5 2. Nf3 e6 3. d4 cxd4 4. Nxd4 a6 5. Bd3 g6 
6. Nc3 Bg7 7. Be3 Ne7 8. O-O O-O 9. f4 Nbc6 10. Nxc6 Nxc6 
11. Be2 d5 12. exd5 exd5 13. Nxd5 Bxb2 14. Bf3 Be6 15. Rb1 Bxd5 
16. Qxd5 Qf6 17. f5 Rad8 18. Qb3 Bd4 19. fxg6 hxg6 20. Bxc6 Bxe3+ 
21. Qxe3 Qxc6 22. Rb6 Qxc2 23. Rxb7 Qxa2 24. h4 Rd2 25. Qg5 Rd5 
26. Qf6 Rd2 27. Qg5 Qd5 28. Qxd5 Rxd5 29. Ra7 a5 30. Rf4 Kg7 
31. Ra4 Rh8 32. Rf4 Rf5 33. Rxf5 gxf5 34. Rxa5 Rxh4 35. Rxf5 1/2-1/2

[Event "Skakligaen 2023-24"]
[Site "Denmark"]
[Date "2023.11.26"]
[Round "3.3"]
[Board "3"]
[White "Ahlander, Bjorn"]
[Black "Kistrup, Nicolai"]
[Result "1/2-1/2"]
[WhiteElo "2400"]
[BlackElo "2387"]
[PlyCount "88"]
[WhiteTeam "Koge"]
[BlackTeam "BMS"]
[WhiteTeamCountry "DEN"]
[BlackTeamCountry "DEN"]
[EventDate "2023.10.28"]
[EventType "team-tourn"]
[EventRounds "9"]
[EventCountry "DEN"]
[SourceTitle "Turneringssystemet"]
[Table "3"]

1. d4 Nf6 2. c4 e6 3. Nf3 d5 4. Nc3 dxc4 5. e4 b5 
6. e5 Nd5 7. Nxb5 Nb6 8. Be2 Nc6 9. Nc3 Be7 10. a3 Na5 
11. Be3 Qd7 12. Qc2 Bb7 13. O-O O-O 14. Rad1 h6 15. Nd2 Rab8 
16. Nde4 Nd5 17. Bc1 Qc6 18. Nxd5 Qxd5 19. Bf3 Qb5 20. Qe2 Nb3 
21. Be3 Rfd8 22. Nc3 Bxf3 23. Qxf3 Qb7 24. d5 Nc5 25. Rd4 Qxb2 
26. Rxc4 Qxa3 27. Bxc5 Bxc5 28. dxe6 fxe6 29. Qc6 Bd4 30. g3 Bxc3 
31. Rxc3 Qe7 32. Qxc7 Qxc7 33. Rxc7 Rb5 34. Rxa7 Rxe5 35. Rc1 Rf8 
36. Rcc7 Rg5 37. h4 Rg6 38. h5 Rg5 39. Kg2 Kh7 40. f4 Rxf4 
41. Rxg7+ Rxg7 42. Rxg7+ Kxg7 43. gxf4 Kf6 44. Kg3 Kf5 1/2-1/2

[Event "Skakligaen 2023-24"]
[Site "Denmark"]
[Date "2023.11.26"]
[Round "3.4"]
[Board "4"]
[White "Jacobsen, Mikkel Manosri"]
[Black "Meskenas, Paulius"]
[Result "1-0"]
[WhiteElo "2321"]
[BlackElo "2261"]
[PlyCount "65"]
[WhiteTeam "BMS"]
[BlackTeam "Koge"]
[WhiteTeamCountry "DEN"]
[BlackTeamCountry "DEN"]
[EventDate "2023.10.28"]
[EventType "team-tourn"]
[EventRounds "9"]
[EventCountry "DEN"]
[SourceTitle "Turneringssystemet"]
[Table "4"]

1. c4 c5 2. g3 g6 3. Bg2 Bg7 4. Nc3 Nc6 5. a3 e6 
6. Rb1 Nge7 7. b4 d6 8. Nf3 O-O 9. O-O Rb8 10. e3 b6 
11. Qb3 d5 12. d3 d4 13. exd4 cxd4 14. Ne4 f5 15. Ned2 h6 
16. Re1 Kh7 17. h4 e5 18. b5 Na5 19. Qd1 Qd6 20. Qe2 Re8 
21. Nxe5 Nec6 22. bxc6 Rxe5 23. Qd1 Rxe1+ 24. Qxe1 Nxc6 25. Nf3 Rb7 
26. Bf4 Qxa3 27. Qe8 Qa2 28. Re1 Bd7 29. Qa8 Qa6 30. Nd2 g5 
31. Bd5 Rb8 32. Bxb8 Qc8 33. Bxc6 1-0

[Event "Skakligaen 2023-24"]
[Site "Denmark"]
[Date "2023.11.26"]
[Round "3.5"]
[Board "5"]
[White "Jorgensen, Brian"]
[Black "Rostgaard, Tobias Valentin"]
[Result "0-1"]
[WhiteElo "2267"]
[BlackElo "2308"]
[PlyCount "58"]
[WhiteTeam "Koge"]
[BlackTeam "BMS"]
[WhiteTeamCountry "DEN"]
[BlackTeamCountry "DEN"]
[EventDate "2023.10.28"]
[EventType "team-tourn"]
[EventRounds "9"]
[EventCountry "DEN"]
[SourceTitle "Turneringssystemet"]
[Table "5"]

1. d4 Nf6 2. c4 e6 3. Nf3 d5 4. e3 Be7 5. Nc3 O-O 
6. Bd3 c5 7. O-O dxc4 8. Bxc4 a6 9. a4 Nc6 10. d5 exd5 
11. Nxd5 Be6 12. Nxf6+ Bxf6 13. Bxe6 fxe6 14. Qc2 Rc8 15. Rd1 Nb4 
16. Qe2 Qb6 17. e4 Bd4 18. Qc4 Kh8 19. a5 Qb5 20. Qxe6 Qe2 
21. Bg5 Rce8 22. Qd7 Bxf2+ 23. Kh1 Qxe4 24. Qh3 Nd3 25. Rf1 c4 
26. Nd2 Be1 27. Be3 Bxd2 28. Bxd2 Rxf1+ 29. Rxf1 Nf2+ 0-1

[Event "Skakligaen 2023-24"]
[Site "Denmark"]
[Date "2023.11.26"]
[Round "3.6"]
[Board "6"]
[White "Seegert, Kristian"]
[Black "Pedersen, Henrik Dahl"]
[Result "1/2-1/2"]
[WhiteElo "2212"]
[BlackElo "2217"]
[PlyCount "138"]
[WhiteTeam "BMS"]
[BlackTeam "Koge"]
[WhiteTeamCountry "DEN"]
[BlackTeamCountry "DEN"]
[EventDate "2023.10.28"]
[EventType "team-tourn"]
[EventRounds "9"]
[EventCountry "DEN"]
[SourceTitle "Turneringssystemet"]
[Table "6"]

1. e4 e5 2. Nf3 Nf6 3. Nc3 Bb4 4. Bc4 O-O 5. O-O d6 
6. d3 Bg4 7. Bg5 Bxc3 8. bxc3 h6 9. Bd2 Nbd7 10. h3 Be6 
11. Bb3 a5 12. Re1 Nc5 13. Be3 b6 14. Bxc5 bxc5 15. d4 c4 
16. Ba4 Bd7 17. Bxd7 Nxd7 18. Qe2 exd4 19. cxd4 Nb6 20. c3 Re8 
21. Nd2 d5 22. Qf3 Qg5 23. Re3 c6 24. Rb1 Reb8 25. Rbe1 Nd7 
26. exd5 cxd5 27. Re7 Nf6 28. R1e3 a4 29. R7e5 Qg6 30. Rf5 a3 
31. Qf4 Rb2 32. Nf3 Ne4 33. Ne5 Qe6 34. f3 Nd6 35. Rh5 Rxa2 
36. Ng4 Qg6 37. Rxd5 Ne8 38. Re1 Nf6 39. Rde5 Rb2 40. Qc1 Qc2 
41. Qxc2 Rxc2 42. Nxf6+ gxf6 43. Re8+ Rxe8 44. Rxe8+ Kg7 45. Ra8 Rxc3 
46. Kf2 f5 47. Ke2 f4 48. Kd2 Rb3 49. Ra6 h5 50. h4 f6 
51. Ra4 Kf7 52. Rxc4 Rb2+ 53. Kd3 a2 54. Ra4 f5 55. Kc4 Rxg2 
56. Kd5 Re2 57. Ra7+ Kf6 58. Ra6+ Ke7 59. Ra7+ Kd8 60. Kd6 Kc8 
61. d5 Kb8 62. Ra3 Kb7 63. Kd7 Kb6 64. d6 Kb5 65. Kc7 Kb4 
66. Ra8 Rc2+ 67. Kb7 Rd2 68. Kc7 Rc2+ 69. Kb7 Rd2 1/2-1/2

[Event "Skakligaen 2023-24"]
[Site "Denmark"]
[Date "2023.11.26"]
[Round "3.7"]
[Board "7"]
[White "Henriksen, Kasper"]
[Black "Vesterli, Michael E"]
[Result "0-1"]
[WhiteElo "2130"]
[BlackElo "2196"]
[PlyCount "54"]
[WhiteTeam "Koge"]
[BlackTeam "BMS"]
[WhiteTeamCountry "DEN"]
[BlackTeamCountry "DEN"]
[EventDate "2023.10.28"]
[EventType "team-tourn"]
[EventRounds "9"]
[EventCountry "DEN"]
[SourceTitle "Turneringssystemet"]
[Table "7"]

1. d4 Nf6 2. c4 g6 3. Nc3 Bg7 4. e4 d6 5. f3 O-O 
6. Be3 c5 7. Nge2 Nc6 8. d5 Ne5 9. Ng3 e6 10. Be2 exd5 
11. cxd5 a6 12. a4 Rb8 13. O-O Bd7 14. h3 b5 15. f4 Nc4 
16. Bxc4 bxc4 17. e5 Re8 18. exf6 Rxe3 19. fxg7 Rxg3 20. Qe1 Rd3 
21. Qe4 Rxb2 22. Qxc4 Rd4 23. Qxa6 Rdd2 24. Rf3 Rxg2+ 25. Kh1 Bg4 
26. Re3 Qh4 27. Ne4 Bxh3 0-1

[Event "Skakligaen 2023-24"]
[Site "Denmark"]
[Date "2023.11.26"]
[Round "3.8"]
[Board "8"]
[White "Akdag, Dara Sevkan"]
[Black "Larsen, Niels Georg"]
[Result "1-0"]
[WhiteElo "2163"]
[BlackElo "2003"]
[PlyCount "75"]
[WhiteTeam "BMS"]
[BlackTeam "Koge"]
[WhiteTeamCountry "DEN"]
[BlackTeamCountry "DEN"]
[EventDate "2023.10.28"]
[EventType "team-tourn"]
[EventRounds "9"]
[EventCountry "DEN"]
[SourceTitle "Turneringssystemet"]
[Table "8"]

1. f4 d5 2. Nf3 g6 3. g3 Bg7 4. Bg2 c6 5. O-O Nf6 
6. d3 O-O 7. Qe1 Ne8 8. e4 dxe4 9. dxe4 Qb6+ 10. Qf2 Qxf2+ 
11. Rxf2 Nf6 12. e5 Nd5 13. c4 Nb4 14. Rd2 Bf5 15. Nd4 Bxb1 
16. Rxb1 Nxa2 17. b4 Nxc1 18. Rxc1 Rd8 19. Rcd1 Na6 20. b5 Nb4 
21. bxc6 bxc6 22. Nxc6 Nxc6 23. Bxc6 Rxd2 24. Rxd2 Rc8 25. Bb5 Bf8 
26. Kf2 e6 27. Rd6 Be7 28. Ke3 Bd8 29. Ba6 Rb8 30. c5 Ba5 
31. Rd7 Rb3+ 32. Kd4 Rb4+ 33. Bc4 Ra4 34. Rb7 Ra3 35. c6 Be1 
36. Kc5 Rc3 37. c7 Bf2+ 38. Kb4 1-0

[Event "Skakligaen 2023-24"]
[Site "Denmark"]
[Date "2023.11.26"]
[Round "3.1"]
[Board "1"]
[White "Bjerre, Jonas Buhl"]
[Black "Chatalbashev, Boris"]
[Result "1/2-1/2"]
[WhiteElo "2637"]
[BlackElo "2467"]
[PlyCount "67"]
[WhiteTeam "Skanderborg"]
[BlackTeam "Fredericia"]
[WhiteTeamCountry "DEN"]
[BlackTeamCountry "DEN"]
[EventDate "2023.10.28"]
[EventType "team-tourn"]
[EventRounds "9"]
[EventCountry "DEN"]
[SourceTitle "Live"]
[Table "1"]

1. d4 Nf6 2. c4 e6 3. Nf3 Bb4+ 4. Bd2 c5 5. Bxb4 cxb4 
6. e3 O-O 7. Be2 d6 8. a3 bxa3 9. b4 Nc6 10. b5 Na5 
11. Rxa3 a6 12. Nc3 axb5 13. Nxb5 Bd7 14. Qb1 Bxb5 15. Qxb5 Nc6 
16. Rxa8 Qxa8 17. O-O Qa2 18. Bd3 Rb8 19. Rb1 h6 20. h3 Qa3 
21. Ne1 g5 22. Bc2 Qc3 23. Bd3 Kg7 24. Rd1 e5 25. dxe5 dxe5 
26. Bf1 e4 27. Qb1 Rd8 28. Rxd8 Nxd8 29. Nc2 Ne6 30. Qd1 Qb3 
31. Qd2 Qb2 32. Qd1 Qb3 33. Qd2 Qb2 34. Qd1 1/2-1/2

[Event "Skakligaen 2023-24"]
[Site "Denmark"]
[Date "2023.11.26"]
[Round "3.2"]
[Board "2"]
[White "Fries Nielsen, Jens Ove"]
[Black "Andersen, Mads"]
[Result "1/2-1/2"]
[WhiteElo "2378"]
[BlackElo "2606"]
[PlyCount "85"]
[WhiteTeam "Fredericia"]
[BlackTeam "Skanderborg"]
[WhiteTeamCountry "DEN"]
[BlackTeamCountry "DEN"]
[EventDate "2023.10.28"]
[EventType "team-tourn"]
[EventRounds "9"]
[EventCountry "DEN"]
[SourceTitle "Live"]
[Table "2"]

1. d4 d5 2. Nc3 c5 3. dxc5 Nf6 4. a3 d4 5. Na2 e5 
6. Nf3 Qc7 7. c3 dxc3 8. Nxc3 Bxc5 9. Bg5 Nbd7 10. e3 a6 
11. Rc1 Qd6 12. Qc2 Bb6 13. Ne4 Qe7 14. Bxa6 Ba5+ 15. b4 bxa6 
16. Qc6 Bxb4+ 17. axb4 O-O 18. Bxf6 gxf6 19. Qxa8 Qxb4+ 20. Nfd2 Bb7 
21. Qa7 Ra8 22. Qxa8+ Bxa8 23. Rc8+ Kg7 24. Rxa8 f5 25. Ng3 Nc5 
26. Rd8 f4 27. exf4 exf4 28. Nh5+ Kh6 29. Nxf4 Ne4 30. O-O Nxd2 
31. Rd1 Nf3+ 32. gxf3 Qxf4 33. R1d3 a5 34. R8d4 Qc1+ 35. Kg2 f5 
36. f4 Qc6+ 37. f3 Qc1 38. Rd7 Kh5 39. Rxh7+ Kg6 40. Rhd7 Kh5 
41. Rh7+ Kg6 42. Rhd7 Kh5 43. Rh7+ 1/2-1/2

[Event "Skakligaen 2023-24"]
[Site "Denmark"]
[Date "2023.11.26"]
[Round "3.3"]
[Board "3"]
[White "Olsen, Filip Boe"]
[Black "Light, Bjarne"]
[Result "1-0"]
[WhiteElo "2416"]
[BlackElo "2212"]
[PlyCount "129"]
[WhiteTeam "Skanderborg"]
[BlackTeam "Fredericia"]
[WhiteTeamCountry "DEN"]
[BlackTeamCountry "DEN"]
[EventDate "2023.10.28"]
[EventType "team-tourn"]
[EventRounds "9"]
[EventCountry "DEN"]
[SourceTitle "Live"]
[Table "3"]

1. d4 Nf6 2. c4 e6 3. Bf4 Bb4+ 4. Nd2 b6 5. a3 Bxd2+ 
6. Qxd2 Bb7 7. f3 O-O 8. e4 d6 9. Ne2 a5 10. h4 Nc6 
11. h5 Nd7 12. h6 g6 13. Bg5 Qe8 14. d5 Nce5 15. Qc3 f6 
16. Be3 Nc5 17. Nd4 a4 18. O-O-O Rf7 19. Kb1 Ned7 20. dxe6 Nxe6 
21. Nb5 Ndc5 22. Be2 Qe7 23. Rde1 Nb3 24. Bd1 Nec5 25. Bc2 Re8 
26. Re2 Bc8 27. Qb4 Be6 28. Nd4 Nxd4 29. Bxd4 Bd7 30. f4 Qf8 
31. Qc3 Bc6 32. e5 dxe5 33. fxe5 f5 34. Bxc5 Qxc5 35. e6 Rfe7 
36. Rf1 b5 37. g4 Qxc4 38. Qxc4 bxc4 39. gxf5 gxf5 40. Bxf5 Rf8 
41. Bh3 Rxf1+ 42. Bxf1 Bd5 43. Bh3 c6 44. Kc2 Kf8 45. Bf5 Ke8 
46. Kc3 Rb7 47. Kd4 Ke7 48. Bxh7 Rb3 49. Be4 Rh3 50. Bxd5 cxd5 
51. Kxd5 c3 52. bxc3 Rxh6 53. Kc5 Rh4 54. Kb5 Rg4 55. Re3 Rf4 
56. c4 Rg4 57. c5 Rd4 58. c6 Rd5+ 59. Kb6 Rd2 60. Re4 Rb2+ 
61. Ka7 Rc2 62. Kb7 Rb2+ 63. Kc8 Rc2 64. c7 Rb2 65. Rxa4 1-0

[Event "Skakligaen 2023-24"]
[Site "Denmark"]
[Date "2023.11.26"]
[Round "3.4"]
[Board "4"]
[White "Schwarz, Frank"]
[Black "Pedersen, Nicolai Vesterbaek"]
[Result "0-1"]
[WhiteElo "2226"]
[BlackElo "2341"]
[PlyCount "118"]
[WhiteTeam "Fredericia"]
[BlackTeam "Skanderborg"]
[WhiteTeamCountry "DEN"]
[BlackTeamCountry "DEN"]
[EventDate "2023.10.28"]
[EventType "team-tourn"]
[EventRounds "9"]
[EventCountry "DEN"]
[SourceTitle "Live"]
[Table "4"]

1. e4 c5 2. Nc3 Nc6 3. Bb5 Nd4 4. Nf3 a6 5. Bd3 g6 
6. Nxd4 cxd4 7. Ne2 Bg7 8. O-O d5 9. exd5 Qxd5 10. b3 Nh6 
11. Ba3 Qd7 12. Ng3 O-O 13. h3 b5 14. Qe2 Re8 15. Bb4 Bb7 
16. a4 a5 17. Ba3 b4 18. Bb2 e5 19. Ne4 Bc6 20. Bc4 Nf5 
21. c3 Rad8 22. cxb4 d3 23. Qe1 axb4 24. f3 Nd6 25. Bxd3 Nxe4 
26. Bxe4 Bxe4 27. Qxe4 Qxd2 28. Rf2 Qd3 29. a5 Qxb3 30. a6 f5 
31. Qe2 Bh6 32. Bc1 Bxc1 33. Rxc1 Ra8 34. Qc4+ Qxc4 35. Rxc4 Rxa6 
36. Rxb4 Re7 37. Re2 Kf7 38. Kf2 Kf6 39. Reb2 Rae6 40. Rb6 Rxb6 
41. Rxb6+ Re6 42. Rb7 h5 43. h4 Rc6 44. Rb2 g5 45. hxg5+ Kxg5 
46. Rb5 Rc2+ 47. Kg3 h4+ 48. Kh3 Kf4 49. Rb4+ e4 50. Ra4 Rc1 
51. Kh2 Re1 52. Rb4 Ke3 53. fxe4 fxe4 54. g3 hxg3+ 55. Kg2 Kf4 
56. Rb2 Rd1 57. Ra2 Rd4 58. Ra8 Rd2+ 59. Kg1 e3 0-1

[Event "Skakligaen 2023-24"]
[Site "Denmark"]
[Date "2023.11.26"]
[Round "3.5"]
[Board "5"]
[White "Andersen, Jackie"]
[Black "Prien, Thore"]
[Result "1-0"]
[WhiteElo "2394"]
[BlackElo "2228"]
[PlyCount "51"]
[WhiteTeam "Skanderborg"]
[BlackTeam "Fredericia"]
[WhiteTeamCountry "DEN"]
[BlackTeamCountry "DEN"]
[EventDate "2023.10.28"]
[EventType "team-tourn"]
[EventRounds "9"]
[EventCountry "DEN"]
[SourceTitle "Live"]
[Table "5"]

1. d4 e6 2. Nf3 f5 3. Bf4 Nf6 4. e3 b6 5. h3 Bb7 
6. Nbd2 Be7 7. g4 O-O 8. gxf5 Nd5 9. Bh2 Bh4 10. Qe2 Nb4 
11. O-O-O Nxa2+ 12. Kb1 Nb4 13. Rg1 Bf6 14. e4 exf5 15. Qc4+ Kh8 
16. Qxb4 fxe4 17. Bxc7 Nc6 18. Qd6 Qe8 19. Re1 Be7 20. Qg3 Qf7 
21. Bc4 Qg6 22. Qxg6 hxg6 23. Rxe4 Rac8 24. Ng5 Bxg5 25. Rxg5 Rxc7 
26. Rh4# 1-0

[Event "Skakligaen 2023-24"]
[Site "Denmark"]
[Date "2023.11.26"]
[Round "3.6"]
[Board "6"]
[White "Guindy, Esmat Susanne"]
[Black "Boe, Mads"]
[Result "0-1"]
[WhiteElo "2044"]
[BlackElo "2283"]
[PlyCount "80"]
[WhiteTeam "Fredericia"]
[BlackTeam "Skanderborg"]
[WhiteTeamCountry "DEN"]
[BlackTeamCountry "DEN"]
[EventDate "2023.10.28"]
[EventType "team-tourn"]
[EventRounds "9"]
[EventCountry "DEN"]
[SourceTitle "Live"]
[Table "6"]

1. d4 d5 2. c4 c6 3. cxd5 cxd5 4. Nc3 Nf6 5. Nf3 Nc6 
6. g3 Bf5 7. Bg2 e6 8. O-O h6 9. Qa4 Bd6 10. Ne5 Qb6 
11. Qb5 O-O 12. Qxb6 axb6 13. Nf3 Rfc8 14. Bf4 Be7 15. h3 g5 
16. Be3 Ne8 17. h4 f6 18. hxg5 hxg5 19. a3 Nd6 20. Rae1 b5 
21. Bc1 Kf7 22. Rd1 Bc2 23. Rde1 Ra6 24. Be3 b4 25. axb4 Nxb4 
26. Bh3 Rh8 27. Bg2 Bg6 28. Ra1 Rha8 29. Rxa6 Rxa6 30. Bc1 Nc6 
31. Rd1 b5 32. Ne1 b4 33. Nxd5 exd5 34. Bxd5+ Kf8 35. f4 g4 
36. Ng2 Bc2 37. Re1 Nxd4 38. Ne3 Be4 39. Kf1 Ra5 40. Bxe4 Nxe4 
0-1

[Event "Skakligaen 2023-24"]
[Site "Denmark"]
[Date "2023.11.26"]
[Round "3.7"]
[Board "7"]
[White "Brondt, Nicolai Kvist"]
[Black "Christensen, Hans Ulrich Falk Normark"]
[Result "1-0"]
[WhiteElo "2234"]
[BlackElo "2005"]
[PlyCount "49"]
[WhiteTeam "Skanderborg"]
[BlackTeam "Fredericia"]
[WhiteTeamCountry "DEN"]
[BlackTeamCountry "DEN"]
[EventDate "2023.10.28"]
[EventType "team-tourn"]
[EventRounds "9"]
[EventCountry "DEN"]
[SourceTitle "Live"]
[Table "7"]

1. d4 Nf6 2. c4 a6 3. e3 c5 4. Nf3 cxd4 5. exd4 d5 
6. Nc3 Nc6 7. Be3 Bf5 8. cxd5 Nxd5 9. Bc4 Nb6 10. Bb3 Na5 
11. d5 Rc8 12. O-O Nbc4 13. Qe2 Nxb3 14. axb3 Nxe3 15. fxe3 Qb6 
16. Nd4 Bg6 17. Rac1 Qd8 18. Na4 Rb8 19. Qf3 Qd6 20. Nc5 Qe5 
21. b4 h5 22. Rc3 h4 23. Nxa6 bxa6 24. Nc6 Bh5 25. Qh3 1-0

[Event "Skakligaen 2023-24"]
[Site "Denmark"]
[Date "2023.11.26"]
[Round "3.8"]
[Board "8"]
[White "Nielsen, Lasse"]
[Black "Grove, Peter"]
[Result "0-1"]
[WhiteElo "1833"]
[BlackElo "2195"]
[PlyCount "96"]
[WhiteTeam "Fredericia"]
[BlackTeam "Skanderborg"]
[WhiteTeamCountry "DEN"]
[BlackTeamCountry "DEN"]
[EventDate "2023.10.28"]
[EventType "team-tourn"]
[EventRounds "9"]
[EventCountry "DEN"]
[SourceTitle "Peter Grove"]
[Table "8"]

1. e4 g6 2. Nf3 Nf6 3. Nc3 d5 4. exd5 Nxd5 5. Nxd5 Qxd5 
6. Be2 Bg7 7. O-O c5 8. d3 Nc6 9. a3 O-O 10. Rb1 a5 
11. Be3 Rd8 12. Qc1 b6 13. Re1 Bb7 14. Bf1 Rac8 15. Bh6 Bh8 
16. Qg5 Qxg5 17. Bxg5 f6 18. Bd2 Kf7 19. Rbd1 Bg7 20. c3 e5 
21. b4 cxb4 22. axb4 axb4 23. cxb4 Bf8 24. Rb1 Ne7 25. Bc1 Nd5 
26. Bd2 Rc2 27. Be2 Nc3 28. Bxc3 Rxc3 29. Rec1 Rxc1+ 30. Rxc1 Rd7 
31. b5 Bc5 32. Nd2 f5 33. Nc4 Kf6 34. Kf1 Bd5 35. f3 Ra7 
36. Ke1 Be6 37. Kd1 Bd7 38. Rb1 Ra2 39. h3 Bd4 40. Bf1 Kg5 
41. Be2 Kf4 42. Ke1 Kg3 43. Bf1 h5 44. Rb3 Be6 45. Rb1 Bd7 
46. Rb3 Ra1+ 47. Ke2 Bf2 48. Nxe5 Re1+ 0-1